书目信息 |
| 题名: |
数码相机、摄像机常见故障检修
|
|
| 作者: | 韩雪涛 , 吴瑛 , 韩广兴 编著 | |
| 分册: | ||
| 出版信息: | 北京 人民邮电出版社 2010 |
|
| 页数: | 177页 | |
| 开本: | 26cm | |
| 丛书名: | ||
| 单 册: | ||
| 中图分类: | TB852.1 , TB948.41 | |
| 科图分类: | ||
| 主题词: | 数字照相机--维修--职业高中--教材 , 数字控制摄像机--维修--职业高中--教材 , 数字照相机 , 数字控制摄像机 | |
| 电子资源: | ||
| ISBN: | 978-7-115-22555-9 | |
| 000 | 01267nam0 2200313 450 | |
| 001 | 004635062 | |
| 005 | 20110111091308.28 | |
| 010 | @a978-7-115-22555-9@dCNY21.00 | |
| 100 | @a20100702d2010 em y0chiy0110 ea | |
| 101 | 0 | @achi |
| 102 | @aCN@b110000 | |
| 105 | @aa z 000yy | |
| 106 | @ar | |
| 200 | 1 | @a数码相机、摄像机常见故障检修@Ashu ma xiang ji 、 she xiang ji chang jian gu zhang jian xiu@f韩雪涛,吴瑛,韩广兴编著 |
| 210 | @a北京@c人民邮电出版社@d2010 | |
| 215 | @a177页@c图@d26cm | |
| 300 | @a中等职业学校电类规划教材·电子电器应用与维修专业系列 | |
| 330 | @a本书系统介绍数码相机、摄像机的种类、特点,整机的结构,各组成部分的工作原理和维护检修方法。书中以典型数码相机和摄像机为例,介绍其操作方法和使用技巧,特别是对数码相机、摄像机的各种控制键钮、软件设置项目和借助于菜单的调整功能做了详细的介绍。 | |
| 606 | 0 | @a数字照相机@x维修@x职业高中@j教材 |
| 606 | 0 | @a数字控制摄像机@x维修@x职业高中@j教材 |
| 606 | 0 | @a数字照相机 |
| 606 | 0 | @a数字控制摄像机 |
| 690 | @aTB852.1@v4 | |
| 690 | @aTB948.41@v4 | |
| 701 | 0 | @a韩雪涛@Ahan xue tao@c(职业教育)@4编著 |
| 701 | 0 | @a吴瑛@Awu ying@c(电子技术)@4编著 |
| 701 | 0 | @a韩广兴@Ahan guang xing@f(1942.3~)@4编著 |
| 801 | 0 | @aCN@bSYL@c20110111 |
| 905 | @b205990276-329@h599027-32@dTB852.1@e148@f6 | |
| 数码相机、摄像机常见故障检修/韩雪涛,吴瑛,韩广兴编著.-北京:人民邮电出版社,2010 |
| 177页:图;26cm |
| 中等职业学校电类规划教材·电子电器应用与维修专业系列 |
| ISBN 978-7-115-22555-9:CNY21.00 |
| 本书系统介绍数码相机、摄像机的种类、特点,整机的结构,各组成部分的工作原理和维护检修方法。书中以典型数码相机和摄像机为例,介绍其操作方法和使用技巧,特别是对数码相机、摄像机的各种控制键钮、软件设置项目和借助于菜单的调整功能做了详细的介绍。 |
| ● |
| 相关链接 |
|
|
|
|
正题名:数码相机、摄像机常见故障检修
索取号:TB852.1/148
 
预约/预借
| 序号 | 登录号 | 条形码 | 馆藏地/架位号 | 状态 | 备注 |
| 1 | 599027 | 205990276 | 第二样本阅览室/ [索取号:TB852.1/148] | 在馆 | |
| 2 | 599028 | 205990285 | 第三借阅区/ [索取号:TB852.1/148] | 在馆 | |
| 3 | 599029 | 205990294 | 第三借阅区/ [索取号:TB852.1/148] | 在馆 | |
| 4 | 599030 | 205990301 | 第三借阅区/ [索取号:TB852.1/148] | 在馆 | |
| 5 | 599031 | 205990310 | 第三借阅区/ [索取号:TB852.1/148] | 在馆 | |
| 6 | 599032 | 205990329 | 第三借阅区/ [索取号:TB852.1/148] | 在馆 |